| 000 | 00521nam a2200181Ia 4500 | ||
|---|---|---|---|
| 005 | 20250923144649.0 | ||
| 008 | 008 250917s9999 xx 000 0 eng d | ||
| 037 | _aTextual | ||
| 040 |
_aDSWL _beng _cDSWL |
||
| 041 |
_aeng _2eng |
||
| 084 |
_aY131u3C:N4, H8 _qDSWL |
||
| 100 |
_aStewart, Cecil _9827135 |
||
| 245 | 0 |
_aVillage surveyed _cby Cecil Stewart |
|
| 260 |
_aLondon _bEdward Arnold & Co. _c1948 |
||
| 300 | _a172p. | ||
| 942 |
_cTEXL _hY131u3C:N4, H8 |
||
| 999 |
_c1441778 _d1441778 |
||